Top 5 European Leagues Top Scorers: 2013/14 - Statistics

General Stats
  • This quiz has been taken 8 times
  • The average score is 17 of 27
Answer Stats
League Goals Club Nationality Player % Correct
La Liga 31 Real Madrid Portugal Cristiano Ronaldo
100%
La Liga 17 Real Madrid France Karim Benzema
100%
Premier League 31 Liverpool Uruguay Luis Suarez
100%
Bundesliga 20 Borussia Dortmund Poland Robert Lewandowski
100%
Premier League 17 Manchester United England Wayne Rooney
100%
La Liga 19 Barcelona Chile Alexis Sanchez
88%
Serie A 19 Juventus Argentina Carlos Tevez
88%
Serie A 17 Napoli Argentina Gonzalo Higuain
88%
La Liga 28 Barcelona Argentina Lionel Messi
88%
Bundesliga 16 Borussia Dortmund Germany Marco Reus
88%
Bundesliga 18 Bayern Munich Croatia Mario Mandzukic
88%
Premier League 17 Manchester City Argentina Sergio Aguero
88%
Premier League 20 Manchester City Ivory Coast Yaya Toure
88%
Premier League 21 Liverpool England Daniel Sturridge
75%
La Liga 27 Atletico Madrid Spain Diego Costa
75%
Primeira Liga 20 Porto Colombia Jackson Martinez
75%
Serie A 17 Udinese Italy Antonio Di Natale
63%
Serie A 22 Torino Italy Ciro Immobile
63%
Serie A 20 Hellas Verona Italy Luca Toni
50%
Bundesliga 16 Hoffenheim Brazil Roberto Firmino
38%
Serie A 17 Inter Argentina Rodrigo Palacio
38%
Bundesliga 16 Hertha Berlin Colombia Adrian Ramos
13%
Bundesliga 17 Nurnberg Switzerland Josep Drmic
13%
Primeira Liga 14 Benfica Brazil Lima
13%
Primeira Liga 16 Maritimo Brazil Derley
0%
Primeira Liga 13 Sporting Colombia Fredy Montero
0%
Primeira Liga 15 Vitoria de Setubal Brazil Rafael Martins
0%
No matching quizzes found
Score Distribution
Percent of People with Each Score
Percentile by Number Answered
Your Score History
You have not taken this quiz